[Event "It (open) \"]
[Site "masterchessopen.com Jyvaskyla (Finland)"]
[Round "1"]
[White "Raaste Eero J (FIN)"]
[Black "Calonius Mikael (FIN)"]
[Result "1-0"]
[WhiteElo "2299"]
[BlackElo "2151"]

1.e4 c5 2.Nc3 Nc6 3.Nge2 d6 4.d4 cxd4 5.Nxd4 Nf6 6.Bg5 Bd7 7.Qd2 Rc8 8.O-O-O
Nxd4 9.Qxd4 Qa5 10.f4 Rxc3 11.Bxf6 Rc7 12.Bh4 Qxa2 13.Bd3 Qa1+ 14.Kd2 Qa5+
15.b4 Qb6 16.Qxb6 axb6 17.Ra1 g6 18.Bf2 Bh6 19.g3 O-O 20.Bxb6 Rcc8 21.Ra7 e5
22.Be3 f5 23.fxe5 Bxe3+ 24.Kxe3 dxe5 25.Rf1 Rb8 26.Bc4+ Kh8 27.Bd5 Bc6 28.c4
fxe4 29.Rxf8+ Rxf8 30.Kxe4 Re8 31.b5 Bxd5+ 32.cxd5 Re7 33.d6 Re6 34.d7 {#r}
1-0

[Event "It (open)"]
[Site "masterchessopen.com Linares (Spain)"]
[Round "2"]
[White "Torres Jean Pierre (PER)"]
[Black "Ubilava Elizbar (ESP)"]
[Result "0-1"]
[WhiteElo "2182"]
[BlackElo "2525"]

1.e4 c5 2.Nf3 d6 3.d4 cxd4 4.Nxd4 Nf6 5.Nc3 Nc6 6.Bg5 Bd7 7.Qd2 Rc8 8.f4 h6
9.Bxf6 gxf6 10.O-O-O Nxd4 11.Qxd4 Qa5 12.Kb1 Qc5 13.Qd2 e6 14.Be2 h5 15.Rhe1
Be7 16.Bf3 Rc7 17.f5 Bf8 18.Qe2 h4 19.Bh5 Ke7 20.Nd5+ exd5 21.exd5+ Kd8
22.Bxf7 Bb5 23.Qe6 Qxc2+ 24.Ka1 Be7 25.Qe3 Qc5 26.Qf4 Bf8 27.Be6 Qc4 28.Qf2
Rc5 {#R} 0-1

[Event "It (open)"]
[Site "masterchessopen.com Ljubljana (Slovenia)"]
[Round "2"]
[White "Palac Mladen (CRO)"]
[Black "Kecic Stevan (SLO)"]
[Result "1-0"]
[WhiteElo "2495"]
[BlackElo "2209"]

1.e4 c5 2.Nf3 Nc6 3.d4 cxd4 4.Nxd4 Nf6 5.Nc3 d6 6.Bg5 Bd7 7.Qd2 Nxd4 8.Qxd4
Qa5 9.Bd2 a6 10.f4 e5 11.Qf2 Rc8 12.Bd3 Qc5 13.Qf3 Bg4 14.Qg3 exf4 15.Qxf4 Be6
16.O-O-O Be7 17.Kb1 Nd7 18.Nd5 Bxd5 19.exd5 Bf6 20.Bf5 Qc7 21.Rhe1+ Be5 22.Bc3
Kf8 23.Bxe5 dxe5 24.Qb4+ {#r} 1-0

[Event "Olympiad"]
[Site "masterchessopen.com Moscow (Russia)"]
[Round "9"]
[White "Campora Daniel H (ARG)"]
[Black "Robatsch Karl (AUT)"]
[Result "1-0"]
[WhiteElo "2560"]
[BlackElo "2410"]

1.e4 c5 2.Nf3 d6 3.d4 cxd4 4.Nxd4 Nf6 5.Nc3 Nc6 6.Bg5 Bd7 7.Qd2 Rc8 8.Nb3 h6
9.Bxf6 gxf6 10.f3 f5 11.Bd3 fxe4 12.Nxe4 Bg7 13.O-O Bxb2 14.Rae1 Qb6+ 15.Kh1
Bf5 {#r} 1-0

[Event "Olympiad"]
[Site "masterchessopen.com Moscow (Russia)"]
[Round "1"]
[White "Kotronias Vasilios (GRE)"]
[Black "Abdullah Mansoor (UAE)"]
[Result "1-0"]
[WhiteElo "2545"]
[BlackElo "2270"]

1.e4 c5 2.Nf3 Nc6 3.d4 cxd4 4.Nxd4 Nf6 5.Nc3 d6 6.Bg5 Bd7 7.Qd2 Rc8 8.O-O-O
Nxd4 9.Qxd4 Qa5 10.Bd2 e6 11.f3 a6 12.Kb1 Qc7 13.g4 Bc6 14.g5 Nd7 15.h4 b5
16.a3 Nb6 17.Be3 Rb8 18.h5 e5 19.Qd2 Nc4 20.Bxc4 bxc4 21.Ka1 Be7 22.Qg2 Qa5
23.Bd2 Qb6 24.Bc1 O-O 25.Nd5 Bxd5 26.Rxd5 c3 27.b3 g6 28.Qh2 Rfc8 29.hxg6 fxg6
30.Qxh7+ Kf8 31.Qxg6 {#r} 1-0

[Event "Ch Netherlands (team)"]
[Site "masterchessopen.com Netherlands"]
[Round "2"]
[White "Helmond Frans (NED)"]
[Black "De Leeuw Remco (NED)"]
[Result "0-1"]
[WhiteElo "2108"]
[BlackElo "2190"]

1.e4 c5 2.Nf3 d6 3.d4 cxd4 4.Nxd4 Nf6 5.Nc3 Nc6 6.Bg5 Bd7 7.Qd2 Rc8 8.O-O-O
Nxd4 9.Qxd4 Qa5 10.f4 e5 11.fxe5 dxe5 12.Qd3 Rxc3 13.bxc3 Ba3+ 14.Kd2 Bc6
15.Bxf6 gxf6 16.Qf3 Ke7 17.Bd3 Rd8 18.Rhf1 Rd6 19.Qf5 Bb2 20.Ke2 Qxc3 21.Rf3
Bb5 22.Qxh7 Qxc2+ 23.Rd2 Qc3 24.Qh6 Bc1 25.Bxb5 Rxd2+ 26.Ke1 Rd3+ {#R} 0-1

[Event "It \"]
[Site "masterchessopen.com New York (USA)"]
[Round "4"]
[White "Gurevich Ilya (USA)"]
[Black "London Dimitri (USA)"]
[Result "1-0"]
[WhiteElo "2570"]
[BlackElo "2400"]

1.e4 c5 2.Nf3 d6 3.d4 cxd4 4.Nxd4 Nf6 5.Nc3 Nc6 6.Bg5 Bd7 7.Qd2 Rc8 8.O-O-O
Nxd4 9.Qxd4 Qa5 10.Bd2 g6 11.a3 Bg7 12.Nb5 Qd8 13.Qxa7 O-O 14.Ba5 Qe8 15.Nc7
Rxc7 16.Bxc7 Nxe4 17.Bb6 Qc8 18.Bd4 e5 19.Be3 Qc6 20.Qb6 d5 21.Qxc6 Bxc6 22.f3
Nd6 23.Bc5 Rd8 24.Bd3 f5 25.Rhe1 Kf7 26.Bf1 Ke6 27.c4 Rc8 28.b3 Bf8 29.Kb1 e4
30.Bxd6 Bxd6 31.cxd5+ Bxd5 32.fxe4 Bxe4+ 33.Bd3 Ke5 34.b4 Re8 35.Bxe4 fxe4
36.Rxe4+ {#r} 1-0

[Event "Ch Croatia"]
[Site "masterchessopen.com Porec (Croatia)"]
[Round "0"]
[White "Dabo-Peranic Robert (CRO)"]
[Black "Kutuzovic Branko (CRO)"]
[Result "0-1"]
[WhiteElo "2310"]
[BlackElo "2339"]

1.e4 c5 2.Nf3 d6 3.d4 cxd4 4.Nxd4 Nf6 5.Nc3 Nc6 6.Bg5 Bd7 7.Qd2 Rc8 8.O-O-O
Nxd4 9.Qxd4 Qa5 10.Bxf6 gxf6 11.Kb1 Qc5 12.Qd2 e6 13.f4 Be7 14.Be2 b5 15.Bf3
b4 16.Ne2 a5 17.Ng3 a4 18.e5 fxe5 19.Ne4 Qd4 20.fxe5 Qxd2 21.Rxd2 dxe5 22.Bh5
Bc6 23.Rf1 O-O 24.Nf6+ Bxf6 25.Rxf6 Kg7 26.Rdf2 Rc7 27.g4 Be4 28.Kc1 Bf5 29.g5
Rfc8 30.Bd1 Rc4 31.a3 b3 32.c3 Rd8 33.Bh5 Rd7 34.Rd2 Rdc7 35.Rf2 Re4 36.Be2
Rd7 37.Rh6 Bg4 38.Bxg4 Re1+ 39.Bd1 Rdxd1# 0-1

[Event "Ch Slovenia (w)"]
[Site "masterchessopen.com Slovenia"]
[Round "0"]
[White "Ankerst Milka (SLO)"]
[Black "Grosar Kiti (SLO)"]
[Result "0-1"]
[WhiteElo "2084"]
[BlackElo "2219"]

1.e4 c5 2.Nf3 d6 3.d4 cxd4 4.Nxd4 Nf6 5.Nc3 Nc6 6.Bg5 Bd7 7.Qd2 Rc8 8.Be2 a6
9.O-O Nxd4 10.Qxd4 Qa5 11.Bh4 Qc5 12.Rad1 g5 13.Bg3 Qxd4 14.Rxd4 Bg7 15.Rd2
Rxc3 16.bxc3 Nxe4 17.Rd3 Nxc3 18.Bf3 Bb5 19.Re1 Bxd3 20.cxd3 d5 21.h4 h6 22.a3
Kd7 23.Bh5 Rf8 24.f4 Bd4+ 25.Kh2 f5 26.Kh3 g4+ 27.Kh2 Rf6 28.Rf1 Na4 29.Bf2
Bxf2 30.Rxf2 Nc5 31.Rb2 b5 {#R} 0-1

[Event "It (open)"]
[Site "masterchessopen.com Velden (Austria)"]
[Round "2"]
[White "Kwatschewsky Leo (AUT)"]
[Black "Tolnai Tibor (HUN)"]
[Result "1-0"]
[WhiteElo "2260"]
[BlackElo "2520"]

1.e4 c5 2.Nf3 d6 3.d4 cxd4 4.Nxd4 Nf6 5.Nc3 Nc6 6.Bg5 Bd7 7.Qd2 Rc8 8.O-O-O
Nxd4 9.Qxd4 Qa5 10.Bd2 a6 11.Kb1 Qc5 12.Qxc5 Rxc5 13.f3 g6 14.Be3 Rc8 15.Bd4
Bg7 16.Nd5 e5 17.Nxf6+ Bxf6 18.Bc3 Be7 19.Be2 Be6 20.f4 f6 21.Rhf1 Bc4 22.Rde1
O-O 23.Rf3 Be6 24.g3 Rfd8 25.Ba5 Rd7 26.Rc3 Rxc3 27.Bxc3 exf4 28.gxf4 d5 29.e5
d4 30.exf6 dxc3 31.Bg4 {#r} 1-0

[Event "Memorial A.Zaitsev"]
[Site "masterchessopen.com Vladivostok (Russia)"]
[Round "3"]
[White "Korkina Svetlana (RUS)"]
[Black "Ivanov Timur (RUS)"]
[Result "1-0"]
[WhiteElo "2280"]
[BlackElo "2334"]

1.e4 c5 2.Nf3 Nc6 3.d4 cxd4 4.Nxd4 Nf6 5.Nc3 d6 6.Bg5 Bd7 7.Qd2 Rc8 8.f4 Nxd4
9.Qxd4 Qa5 10.e5 dxe5 11.fxe5 e6 12.O-O-O Bc6 13.Bb5 Nd5 14.Nxd5 Bxb5 15.Qg4
h5 16.Qh3 Bc6 17.Qc3 Qxd5 18.Rxd5 exd5 19.Qd4 b6 20.Qd3 Bc5 21.Rf1 Bd7 22.Qxd5
Be6 23.Qf3 a5 24.b3 a4 25.Rd1 O-O 26.h3 b5 27.g4 axb3 28.axb3 h4 29.Bxh4 Bb4
30.Be1 Be7 31.Kb1 b4 32.Qb7 Rfe8 33.Qe4 Rb8 34.Bf2 Rb5 35.Qc6 {#r} 1-0

[Event "It"]
[Site "masterchessopen.com Volgograd (Russia)"]
[Round "2"]
[White "Stripunsky Alexander (USA)"]
[Black "Chachalev Jurij (RUS)"]
[Result "1-0"]
[WhiteElo "2480"]
[BlackElo "2205"]

1.e4 c5 2.Nf3 d6 3.d4 cxd4 4.Nxd4 Nf6 5.Nc3 Nc6 6.Bg5 Bd7 7.Qd2 a6 8.Bxf6 gxf6
9.O-O-O e6 10.f4 Rc8 11.Kb1 Qb6 12.Nb3 Be7 13.Be2 h5 14.Rhf1 Na5 15.e5 Nxb3
16.axb3 Bc6 17.exf6 Bxf6 18.f5 Bxg2 19.fxe6 Bxc3 20.exf7+ Kf8 21.bxc3 Bxf1
22.Rxf1 Qc5 23.Bc4 d5 24.Bxd5 Qxc3 25.Qg2 Qe5 26.Bxb7 Rc5 27.Bxa6 Rd5 28.Bc4
{#r} 1-0

[Event "Staatsliga 1994/95"]
[Site "masterchessopen.com Austria"]
[Round "0"]
[White "Balinov Ilija (AUT)"]
[Black "Kaspret Guido (AUT)"]
[Result "1-0"]
[WhiteElo "2355"]
[BlackElo "2320"]

1.e4 c5 2.Nf3 Nc6 3.d4 cxd4 4.Nxd4 Nf6 5.Nc3 d6 6.Bg5 Bd7 7.Qd2 Rc8 8.O-O-O
Nxd4 9.Qxd4 Qa5 10.Bd2 a6 11.f3 g6 12.a3 Qc5 13.Qxc5 Rxc5 14.Be3 Rc8 15.Bd4
Bg7 16.Nd5 e5 17.Bc3 Nxd5 18.Rxd5 Bh6+ 19.Kb1 Rxc3 20.bxc3 Ke7 21.h4 Be3
22.Kb2 Rc8 23.Be2 Rc6 24.h5 Bc5 25.hxg6 hxg6 26.Rdd1 Be6 27.Rb1 b5 28.c4 b4
29.axb4 Bxb4 30.Rh8 Bd2 31.Ra8 a5 32.Rd1 Rb6+ 33.Ka2 Bb4 34.Rc1 Bc3 35.Rb1 Rc6
36.Rb7+ Kf6 37.Rb3 Bb4 38.c3 Bc5 39.Rxa5 Kg5 {#r} 1-0

[Event "It (a)"]
[Site "masterchessopen.com Budapest (Hungary)"]
[Round "0"]
[White "Cao Sang (HUN)"]
[Black "Patelli Alessandro (ITA)"]
[Result "1-0"]
[WhiteElo "2529"]
[BlackElo "2169"]

1.e4 c5 2.Nf3 d6 3.d4 cxd4 4.Nxd4 Nf6 5.Nc3 Nc6 6.Bg5 Bd7 7.Qd2 Nxd4 8.Qxd4 e6
9.Nb5 Bc6 10.O-O-O a6 11.Bxf6 gxf6 12.Nc3 Qa5 13.f4 Rg8 14.Kb1 Qc5 15.Qd3
O-O-O 16.f5 Qe5 17.fxe6 fxe6 18.g3 f5 19.Bg2 Bg7 20.Rhg1 Rgf8 21.exf5 Bxg2
22.Rxg2 Qxf5 23.Ne4 Kb8 24.Re2 e5 25.Nc5 Qxd3 26.Nxd3 Rf3 27.Nxe5 Re8 28.Rde1
{#r} 1-0

[Event "It (a) (cat.3)"]
[Site "masterchessopen.com Budapest (Hungary)"]
[Round "2"]
[White "Kiss Gergely (HUN)"]
[Black "Madl Ildiko (HUN)"]
[Result "0-1"]
[WhiteElo "2210"]
[BlackElo "2370"]

1.e4 c5 2.Nf3 Nc6 3.d4 cxd4 4.Nxd4 Nf6 5.Nc3 d6 6.Bg5 Bd7 7.Qd2 Rc8 8.O-O-O h6
9.Be3 a6 10.f4 b5 11.Bd3 e5 12.fxe5 dxe5 13.Nf5 Bxf5 14.exf5 Bb4 15.a3 Ba5
16.Be2 Qe7 17.Qe1 O-O 18.Bd2 Nd4 19.Bd3 Rfe8 20.Kb1 Red8 21.Ne4 Bxd2 22.Rxd2
Nxe4 23.Qxe4 Qf6 24.g4 Nc6 25.h4 Rd4 26.Qg2 Qd6 27.Rh2 Rd8 28.Kc1 Na5 29.Be4
Rxd2 30.Qxd2 Qc7 31.Qe2 Nc4 32.Rh1 {#R} 0-1

[Event "It (open) \"]
[Site "masterchessopen.com Budapest (Hungary)"]
[Round "0"]
[White "Bolehradski Jovica (SRB)"]
[Black "Videki Sandor (HUN)"]
[Result "0-1"]
[WhiteElo "2200"]
[BlackElo "2470"]

1.e4 c5 2.Nf3 d6 3.d4 cxd4 4.Nxd4 Nf6 5.Nc3 Nc6 6.Bg5 Bd7 7.Qd2 Rc8 8.f4 Nxd4
9.Qxd4 Qa5 10.e5 dxe5 11.fxe5 Bc6 12.O-O-O e6 13.Bc4 Nd7 14.Rhe1 b5 15.Bb3 h6
16.Bd2 Qb6 17.Qg4 Nc5 18.Kb1 h5 19.Qh3 Qb7 20.g3 Be7 21.Qf1 a5 22.a3 b4
23.axb4 axb4 24.Ne2 Nxb3 {#R} 0-1

[Event "It \"]
[Site "masterchessopen.com Buenos Aires (Argentina)"]
[Round "3"]
[White "Sanchez Fernando (ARG)"]
[Black "Roselli Mailhe Bernardo (URU)"]
[Result "0-1"]
[WhiteElo "2200"]
[BlackElo "2400"]

1.e4 c5 2.Nf3 Nc6 3.d4 cxd4 4.Nxd4 Nf6 5.Nc3 d6 6.Bg5 Bd7 7.Qd2 Rc8 8.Nxc6
Bxc6 9.f3 e6 10.O-O-O a6 11.Kb1 Be7 12.h4 O-O 13.Bd3 Qc7 14.g4 Rfd8 15.Bf4 Nd7
16.Bg5 Nf8 17.Bxe7 Qxe7 18.h5 b5 19.g5 b4 20.Ne2 d5 21.e5 Bb5 22.Rdg1 Qc7
23.f4 g6 24.Rg3 Qc5 25.Rgh3 Rd7 26.Ng3 Rdc7 27.R3h2 a5 28.Nf1 a4 29.Ne3 b3
30.cxb3 Bxd3+ {#R} 0-1

[Event "It (open)"]
[Site "masterchessopen.com Bytom (Poland)"]
[Round "0"]
[White "Murawski Grzegorz (POL)"]
[Black "Kachur Alexander (UKR)"]
[Result "1-0"]
[WhiteElo "2215"]
[BlackElo "2315"]

1.e4 c5 2.Nf3 d6 3.d4 cxd4 4.Nxd4 Nf6 5.Nc3 Nc6 6.Bg5 Bd7 7.Qd2 Rc8 8.f4 h6
9.Bh4 g5 10.fxg5 hxg5 11.Bxg5 Bg7 12.Nxc6 Bxc6 13.O-O-O Nxe4 14.Nxe4 Bxe4
15.Bd3 Bxd3 16.Qxd3 Qa5 17.Bxe7 Qb6 18.Bxd6 Bxb2+ 19.Kd2 Bc3+ 20.Ke2 Rh6
21.Kf3 Re6 22.Bf4 Kf8 23.Bg3 Bg7 24.c4 Rce8 25.Rd2 Kg8 26.Rb1 Qa5 27.Rb5 Qa6
28.Rd5 Qc6 29.h4 b6 30.h5 Re4 31.Kf2 Rxc4 32.h6 Bf8 33.Rg5+ Kh8 34.Be5+ f6
35.Rg8+ Kxg8 36.Qg6+ Kh8 37.Bxf6+ Qxf6+ 38.Qxf6+ Kg8 39.Qg6+ {#r} 1-0

[Event "It (open)"]
[Site "masterchessopen.com Cannes (France)"]
[Round "0"]
[White "Sarthou Gaetan (FRA)"]
[Black "Weindl Alfred (GER)"]
[Result "1-0"]
[WhiteElo "2265"]
[BlackElo "2350"]

1.e4 c5 2.Nf3 Nc6 3.d4 cxd4 4.Nxd4 Nf6 5.Nc3 d6 6.Bg5 Bd7 7.Qd2 Nxd4 8.Qxd4 h6
9.Be3 Qa5 10.Bc4 Rc8 11.Bb3 a6 12.f3 e6 13.O-O-O Bc6 14.g4 Nd7 15.h4 Ne5
16.Qd2 b5 17.Qf2 Qc7 18.Rhg1 Qb7 19.f4 Nc4 20.f5 Bxe4 21.fxe6 fxe6 22.Rgf1 Bh7
23.Bxh6 Ne5 24.Bf4 Nxg4 25.Qe2 Nf6 {#r} 1-0

[Event "Czech League 1994/95 (2nd) (c)"]
[Site "masterchessopen.com Czech Republic"]
[Round "5"]
[White "Firt Stanislav (CZE)"]
[Black "Zabystrzan Pavel (CZE)"]
[Result "1-0"]
[WhiteElo "2375"]
[BlackElo "2285"]

1.e4 c5 2.Nf3 d6 3.d4 cxd4 4.Nxd4 Nf6 5.Nc3 Nc6 6.Bg5 Bd7 7.Qd2 Nxd4 8.Qxd4
Qa5 9.f4 e5 10.Qd2 Be7 11.O-O-O Bc6 12.Bc4 h6 13.Bxf6 Bxf6 14.Kb1 O-O 15.f5
Rac8 16.h4 Qd8 17.Qe1 a6 18.g4 b5 19.Bb3 a5 20.a3 b4 21.axb4 axb4 22.Na2 Qa5
23.g5 hxg5 24.hxg5 Bxg5 25.Rh5 Bh6 26.Rxh6 gxh6 27.Qh4 Qc5 28.Qxh6 Bxe4 29.f6
{#r} 1-0

[Event "Cup Mitropa"]
[Site "masterchessopen.com Europe"]
[Round "0"]
[White "Varga Zoltan (HUN)"]
[Black "Robatsch Karl (AUT)"]
[Result "1-0"]
[WhiteElo "2535"]
[BlackElo "2395"]

1.e4 c5 2.Nf3 d6 3.d4 cxd4 4.Nxd4 Nf6 5.Nc3 Nc6 6.Bg5 Bd7 7.Qd2 Rc8 8.f4 Nxd4
9.Qxd4 Qa5 10.e5 dxe5 11.fxe5 e6 12.O-O-O Bc6 13.Nb5 Bxb5 14.exf6 Bc6 15.h4 g6
16.Bc4 Bc5 17.Qg4 h5 18.Qe2 O-O 19.Rhf1 Bd5 20.Bxd5 exd5 21.Kb1 Rfe8 22.Qf3 d4
23.g4 hxg4 24.Qxg4 Qb4 25.h5 d3 26.c4 gxh5 27.Qxh5 {#r} 1-0

[Event "It (open)"]
[Site "masterchessopen.com Geneva (Switzerland)"]
[Round "6"]
[White "Milov Leonid (GER)"]
[Black "De La Rosa Damian (SUI)"]
[Result "1-0"]
[WhiteElo "2480"]
[BlackElo "2032"]

1.e4 c5 2.Nf3 d6 3.d4 cxd4 4.Nxd4 Nf6 5.Nc3 Nc6 6.Bg5 Bd7 7.Qd2 a6 8.f4 e6
9.Nf3 Qc7 10.O-O-O Rd8 11.Qe1 Be7 12.Kb1 O-O 13.e5 dxe5 14.fxe5 Nd5 15.Rxd5
Bxg5 16.Rxd7 Rxd7 17.Nxg5 Nxe5 18.Qe4 Ng6 19.Bd3 Rfd8 20.h4 Rd4 21.Qe1 Nf8
22.g3 b5 23.Rf1 R4d7 24.a3 Rb8 25.Rf4 e5 26.Rb4 f6 27.Nf3 Rd6 28.h5 Qd7 29.Qe2
Qh3 30.Nh4 Rbd8 31.Rg4 Rd4 32.Ne4 Qh1+ 33.Ka2 Kf7 34.Nf5 Ne6 35.Nxd4 exd4
36.Qf2 b4 37.Rxg7+ {#r} 1-0

[Event "It (open)"]
[Site "masterchessopen.com Gyongyos (Hungary)"]
[Round "0"]
[White "Slugin Sergey (RUS)"]
[Black "Kelemen Vaszilij (UKR)"]
[Result "1-0"]
[WhiteElo "2290"]
[BlackElo "2080"]

1.e4 c5 2.Nf3 Nc6 3.d4 cxd4 4.Nxd4 Nf6 5.Nc3 d6 6.Bg5 Bd7 7.Qd2 Rc8 8.O-O-O h6
9.Bxf6 gxf6 10.f4 a6 11.Bc4 b5 12.Bb3 Na5 13.Rhe1 Nc4 14.Qe2 h5 15.Nf5 Rc5
16.Nd5 Bc6 17.Nfe3 Na5 18.e5 fxe5 19.fxe5 Bh6 20.Kb1 Nxb3 21.exd6 e6 22.axb3
exd5 23.b4 {#r} 1-0

[Event "Ch Finland (open)"]
[Site "masterchessopen.com Lappeenranta (Finland)"]
[Round "0"]
[White "Weissenbach Klaus (GER)"]
[Black "Hamalainen Sami (FIN)"]
[Result "0-1"]
[WhiteElo "1979"]
[BlackElo "2266"]

1.e4 c5 2.Nf3 d6 3.d4 cxd4 4.Nxd4 Nf6 5.Nc3 Nc6 6.Bg5 Bd7 7.Qd2 Rc8 8.Be2 Nxd4
9.Qxd4 Qa5 10.Bd2 e5 11.Qe3 a6 12.O-O Qc7 13.Qg3 b5 14.a3 Bc6 15.Bd3 Qb7 16.f4
g6 17.fxe5 Nh5 18.Qf2 dxe5 19.Rae1 Bg7 20.Be2 Nf6 21.Bh6 Bxh6 22.Qxf6 O-O
23.Bf3 Bg7 24.Qh4 b4 25.Nd5 Bxd5 26.exd5 bxa3 27.bxa3 Rxc2 28.Rc1 Qb2 29.Rxc2
Qxc2 30.Rd1 f5 31.Qe1 e4 32.Rc1 Qb2 33.Be2 f4 34.Bc4 f3 35.d6+ Kh8 36.gxf3
exf3 37.Qf1 Be5 38.Re1 Qxh2# 0-1

[Event "Ch Germany (juniors) (club) (under 20)"]
[Site "masterchessopen.com Leipzig (Germany)"]
[Round "2"]
[White "Heymann Ulrike (GER)"]
[Black "Klee Mario (GER)"]
[Result "1-0"]
[WhiteElo "2105"]
[BlackElo "2173"]

1.e4 c5 2.Nf3 Nc6 3.d4 cxd4 4.Nxd4 Nf6 5.Nc3 d6 6.Bg5 Bd7 7.Qd2 Rc8 8.f4 Qb6
9.Nb3 Ng4 10.Nd5 Qd8 11.O-O-O h6 12.Bh4 g5 13.fxg5 hxg5 14.Bxg5 f6 15.Bf4 e5
16.Be3 Be6 17.Kb1 Nxe3 18.Qxe3 Bxd5 19.exd5 Ne7 20.Bb5+ Kf7 21.Qf3 Bg7 22.h4
Rh6 23.g4 Ng6 24.g5 Rh8 25.Qf5 Nf4 26.h5 a6 27.Bd7 Rc7 28.Be6+ Ke8 29.h6 {#r}
1-0

[Event "It (open) \"]
[Site "masterchessopen.com Leipzig (Germany)"]
[Round "1"]
[White "Held Markus (GER)"]
[Black "Lauridsen Jesper Morch (DEN)"]
[Result "0-1"]
[WhiteElo "2210"]
[BlackElo "2264"]

1.e4 c5 2.Nf3 d6 3.d4 cxd4 4.Nxd4 Nf6 5.Nc3 Nc6 6.Bg5 Bd7 7.Qd2 Nxd4 8.Qxd4
Qa5 9.f4 Nh5 10.e5 h6 11.Bh4 g5 12.exd6 Bg7 13.Qe3 O-O 14.dxe7 Rfc8 15.fxg5
Rxc3 16.bxc3 Qxc3+ 17.Qxc3 Bxc3+ 18.Kf2 Bxa1 19.gxh6 Bd4+ 20.Kf3 Bc6+ 21.Kg4
Nf6+ 22.Kf5 Bd7+ 23.Kf4 Re8 {#R} 0-1

[Event "It (open)"]
[Site "masterchessopen.com Ljubljana (Slovenia)"]
[Round "2"]
[White "Kecic Stevan (SLO)"]
[Black "Kozul Zdenko (CRO)"]
[Result "0-1"]
[WhiteElo "2209"]
[BlackElo "2580"]

1.e4 c5 2.Nf3 Nc6 3.d4 cxd4 4.Nxd4 Nf6 5.Nc3 d6 6.Bg5 Bd7 7.Qd2 Rc8 8.f4 Nxd4
9.Qxd4 Qa5 10.Bd3 e5 11.fxe5 dxe5 12.Qf2 Ng4 13.Qh4 Bc5 14.Rf1 Ne3 15.Bxe3
Bxe3 16.Ke2 Bh6 17.Rad1 O-O 18.Nd5 Kh8 19.Rf6 Rc6 20.Rxc6 bxc6 21.Nf6 Qd8
22.Bc4 gxf6 23.Rd3 Bg5 24.Qh5 Qc8 25.Rg3 Be6 26.Bxe6 Qxe6 27.Rd3 Qc4 {#R} 0-1

[Event "Ch Moscow (open)"]
[Site "masterchessopen.com Moscow (Russia)"]
[Round "9"]
[White "Maksimenko Vitalij (KAZ)"]
[Black "Dragomarezkij Evgeni (RUS)"]
[Result "0-1"]
[WhiteElo "2255"]
[BlackElo "2475"]

1.e4 c5 2.Nf3 d6 3.d4 cxd4 4.Nxd4 Nf6 5.Nc3 Nc6 6.Bg5 Bd7 7.Qd2 Rc8 8.Be2 Nxd4
9.Qxd4 Qa5 10.Bd2 a6 11.Nd5 Qc5 12.Qxc5 Rxc5 13.Nxf6+ gxf6 14.c3 Rg8 15.Rg1 f5
16.Be3 Re5 17.exf5 Bxf5 18.O-O-O Bg4 19.Bxg4 Rxg4 20.b3 Rh4 21.Rh1 Bh6 22.Rd3
Bxe3+ 23.Rxe3 Rg5 24.Rhe1 e6 25.Rg3 Rf5 26.Re2 Rxh2 27.Rg8+ Kd7 28.Kd2 h5
29.f3 h4 30.c4 b5 31.Kd3 bxc4+ 32.bxc4 h3 {#R} 0-1

[Event "It (cat.10)"]
[Site "masterchessopen.com Moscow (Russia)"]
[Round "0"]
[White "Korneev Oleg (RUS)"]
[Black "Obodchuk Andrei (RUS)"]
[Result "1-0"]
[WhiteElo "2605"]
[BlackElo "2430"]

1.e4 c5 2.Nf3 Nc6 3.d4 cxd4 4.Nxd4 Nf6 5.Nc3 d6 6.Bg5 Bd7 7.Qd2 Rc8 8.O-O-O
Nxd4 9.Qxd4 Qa5 10.Bd2 a6 11.Bc4 e5 12.Qd3 Qc5 13.Bb3 Qxf2 14.Rhf1 Qh4 15.g3
Qh3 16.Nd5 Nxd5 17.Qxd5 Be6 18.Qxb7 Be7 19.Ba4+ Kf8 20.Bb4 g6 21.Bb3 Bxb3
22.axb3 Rd8 23.g4 Qxg4 24.Bxd6 Qg5+ 25.Kb1 Re8 26.Qd5 f6 27.h4 Qxh4 28.Bxe7+
Kxe7 29.Qd7+ Kf8 {#r} 1-0

[Event "It (open)"]
[Site "masterchessopen.com Oberwart (Austria)"]
[Round "4"]
[White "Dvoirys Semen I (RUS)"]
[Black "Wittmann Walter (AUT)"]
[Result "1-0"]
[WhiteElo "2580"]
[BlackElo "2380"]

1.e4 c5 2.Nf3 d6 3.d4 cxd4 4.Nxd4 Nf6 5.Nc3 Nc6 6.Bg5 Bd7 7.Qd2 Rc8 8.O-O-O
Nxd4 9.Qxd4 Qa5 10.Bxf6 gxf6 11.Kb1 Qc5 12.Qd2 f5 13.exf5 Bxf5 14.Bb5+ Kd8
15.Ba4 Bg7 16.Nd5 Be6 17.Bb3 Bxd5 18.Bxd5 Rf8 19.Rhe1 Rc7 20.Re4 Kc8 21.Rh4 e6
22.Rxh7 Bxb2 23.Kxb2 exd5 24.Rh3 Rg8 25.f4 Rc6 26.Rd3 Re8 27.Rxd5 Rb6+ 28.Ka1
Qa3 29.Qd4 Re4 30.Qh8+ Kc7 31.R5d3 Qa4 32.Rc3+ Rc4 33.Re1 Rbc6 34.Re7+ Kb6
35.Rb3+ Ka6 36.Rexb7 Rc8 37.Qb2 Qc6 38.Ra3+ Ra4 39.Rb4 {#r} 1-0

[Event "It (open)"]
[Site "masterchessopen.com Tivat (Yugoslavia)"]
[Round "8"]
[White "Petronic Jovan (SRB)"]
[Black "Nestorovic Dejan (SRB)"]
[Result "1-0"]
[WhiteElo "2460"]
[BlackElo "2370"]

1.Nf3 c5 2.e4 d6 3.d4 cxd4 4.Nxd4 Nf6 5.Nc3 Nc6 6.Bg5 Bd7 7.Qd2 Rc8 8.Bxf6
gxf6 9.Nf5 Ne5 10.f4 Nc4 11.Bxc4 Rxc4 12.Ne3 Rc8 13.O-O-O Qa5 14.Kb1 Qc5
15.Qe2 e6 16.Rhe1 b5 17.e5 f5 18.Nxf5 exf5 19.exd6+ Kd8 20.Rd5 Qc6 21.Qe5 Be6
22.Qxh8 Kd7 23.Rxe6 fxe6 24.Qxh7+ Kd8 25.d7 {#r} 1-0

[Event "It \"]
[Site "masterchessopen.com Vienna (Austria)"]
[Round "0"]
[White "Spiel Marianne (GER)"]
[Black "Schneider Beatrix (GER)"]
[Result "1-0"]
[WhiteElo "2001"]
[BlackElo "2050"]

1.e4 c5 2.Nf3 Nc6 3.d4 cxd4 4.Nxd4 Nf6 5.Nc3 d6 6.Bg5 Bd7 7.Qd2 Rc8 8.f4 Nxd4
9.Qxd4 Qa5 10.Bc4 Qb4 11.Bxf7+ {#r} 1-0

[Event "Ch Aragon (team)"]
[Site "masterchessopen.com Aragon (Spain)"]
[Round "0"]
[White "Delgado Gonzalez Jos (ESP)"]
[Black "Komljenovic Davor (CRO)"]
[Result "0-1"]
[WhiteElo "2078"]
[BlackElo "2455"]

1.e4 c5 2.Nf3 Nc6 3.d4 cxd4 4.Nxd4 Nf6 5.Nc3 d6 6.Bg5 Bd7 7.Qd2 Rc8 8.O-O-O
Nxd4 9.Qxd4 Qa5 10.Bxf6 gxf6 11.Kb1 Rg8 12.Nd5 Qc5 13.Qxc5 Rxc5 14.g3 Bg7
15.Bg2 e6 16.Ne3 Ke7 17.Rd2 Rd8 18.Rhd1 Be8 19.f4 b5 20.h4 h5 21.Rd3 a5 22.a3
Rc7 23.Bf3 Bc6 24.Re1 Ba8 25.Nd1 Rc5 26.f5 Re5 27.fxe6 fxe6 28.Nc3 b4 29.axb4
axb4 30.Na2 f5 31.Rde3 Bh6 32.R3e2 Rg8 33.Nxb4 Rxg3 34.Nd3 Rxf3 35.Nxe5 dxe5
36.exf5 e4 37.fxe6 e3 38.Rg2 Rf1 {#R} 0-1

[Event "It (cat.2)"]
[Site "masterchessopen.com Budapest (Hungary)"]
[Round "0"]
[White "Antal Gergely (HUN)"]
[Black "Madl Ildiko (HUN)"]
[Result "0-1"]
[WhiteElo "2195"]
[BlackElo "2385"]

1.e4 c5 2.Nf3 Nc6 3.d4 cxd4 4.Nxd4 Nf6 5.Nc3 d6 6.Bg5 Bd7 7.Qd2 Rc8 8.f3 a6
9.Be2 e6 10.g4 Be7 11.Be3 h6 12.h4 Nxd4 13.Qxd4 Qa5 14.O-O-O e5 15.Qd2 Be6
16.a3 h5 17.g5 Nd7 18.Kb1 Qc7 19.Bf1 Nb6 20.Bxb6 Qxb6 21.Bh3 Rc4 22.Nd5 Bxd5
23.Qxd5 Qc6 24.Rh2 g6 25.Qa5 O-O 26.Qd5 Kg7 27.Qxc6 Rxc6 28.Rg2 Rc5 29.Rf1 Rc4
30.c3 d5 31.Re1 Rd8 32.Kc2 d4 33.Kb3 Rc6 34.Rd1 dxc3 35.Rxd8 cxb2 36.Kxb2 Bxd8
37.Bd7 Rb6+ 38.Kc2 Be7 39.a4 Rd6 40.Bc8 Rc6+ {#R} 0-1